000
00305nam a2200121 a 4500
005
20140414093837.0
008
030610s19uu xx 00 eng d
050
_a
CDR 909
_b
DIS 2001
245
_a
Discover the orient.
650
_a
Discoveries
_x
History
_x
Interactive.
942
_c
AVM
999
_c
109077
_d
109077